101unuseless Japanese inventions The Art of Chidogu
Some say that laughter has curative properties. I highly recommend this book as a gift for sick people. I enjoyed it so much myself that I gave a copy to a friend in the hospital for major surgery, warning her not to read it until her stitches could bear the strain of laughing, and it was a tremendo...
محفوظ في:
| المؤلف الرئيسي: | |
|---|---|
| التنسيق: | كتاب |
| اللغة: | Undetermined |
| منشور في: |
London
HarperCollins
1995
|
| الموضوعات: | |
| الوسوم: |
إضافة وسم
لا توجد وسوم, كن أول من يضع وسما على هذه التسجيلة!
|
| Thư viện lưu trữ: | Trung tâm Học liệu Trường Đại học Cần Thơ |
|---|
| LEADER | 01236nam a2200217Ia 4500 | ||
|---|---|---|---|
| 001 | CTU_219012 | ||
| 008 | 210402s9999 xx 000 0 und d | ||
| 082 | |a 301 | ||
| 082 | |b K22 | ||
| 100 | |a Kawakami, Kenji | ||
| 245 | 0 | |a 101unuseless Japanese inventions | |
| 245 | 4 | |b The Art of Chidogu | |
| 245 | 0 | |c Kenji Kawakami ; Translated by and additional text by Dan Papia ; Edited by Hugh Fearnley-Whittingstall | |
| 260 | |a London | ||
| 260 | |b HarperCollins | ||
| 260 | |c 1995 | ||
| 520 | |a Some say that laughter has curative properties. I highly recommend this book as a gift for sick people. I enjoyed it so much myself that I gave a copy to a friend in the hospital for major surgery, warning her not to read it until her stitches could bear the strain of laughing, and it was a tremendous hit. I am ordering more now for other ill friends. None of the inventions are commercially viable; the book says that if any should come on the market, they will be removed from the "chindogu" list. Nevertheless, there is a certain silly logic to them that makes most of them hilarious. | ||
| 650 | |a Social,Xã hội | ||
| 650 | |z Japan,Nhật Bản | ||
| 904 | |i Qhieu | ||
| 980 | |a Trung tâm Học liệu Trường Đại học Cần Thơ | ||